Slovensko už rok v európskej sieti zamestnanosti
Uplatňovanie prechodného obdobia v oblasti voľného pohybu občanov. Slovensko pre občanov EÚ po 1. máji 2004 celkom otvorilo svoj pracovný trh. Pôsobenie siete Európskych služieb zamestnanosti EURES na úradoch práce, sociálnych vecí a rodiny. Zabezpečenie medzinárodnej mobility práce a sprostredkova...
Uložené v:
| Hlavný autor: | |
|---|---|
| Médium: | Kapitola |
| Jazyk: | Slovak |
| Predmet: | |
| Tagy: |
Žiadne tagy, Buďte prvý, kto otaguje tento záznam!
|
MARC
| LEADER | 00000naa$a2200000$$$4500 | ||
|---|---|---|---|
| 001 | 0028319 | ||
| 005 | 20231004125846.8 | ||
| 041 | 0 | |a slo | |
| 044 | |a SK | ||
| 245 | 1 | 0 | |a Slovensko už rok v európskej sieti zamestnanosti |c Zuzana Kollárová |
| 520 | |a Uplatňovanie prechodného obdobia v oblasti voľného pohybu občanov. Slovensko pre občanov EÚ po 1. máji 2004 celkom otvorilo svoj pracovný trh. Pôsobenie siete Európskych služieb zamestnanosti EURES na úradoch práce, sociálnych vecí a rodiny. Zabezpečenie medzinárodnej mobility práce a sprostredkovania zamestnania za úhradu. Databáza voľných pracovných miest v krajinách Európskej únie a Európskeho hospodárskeho priestoru. Ekonomika a zamestnanosť. | ||
| 610 | 2 | 0 | |a zamestnanosť |
| 610 | 2 | 0 | |a zamestnávanie cudzincov |
| 610 | 2 | 0 | |a sily pracovné |
| 610 | 2 | 0 | |a pohyb síl pracovných medzinárodný |
| 610 | 2 | 0 | |a spolupráca medzinárodná |
| 610 | 2 | 0 | |a krajiny vyspelé |
| 610 | 2 | 0 | |a Európska únia |
| 610 | 2 | 0 | |a Slovensko |
| 100 | 1 | |a Kollárová, Zuzana | |